| 000 | 00974cam a2200217 4500 | ||
|---|---|---|---|
| 001 | WB4005-17 | ||
| 008 | 040204n2004 000 0 eng u | ||
| 035 | _a(Sirsi) u125021 | ||
| 245 | _aMaking it happen - The Northern Way | ||
| 260 | _c2004 | ||
| 490 |
_aODPM News Release _v(2004/0019) 2 February 2004 (4) |
||
| 520 | _aThe Deputy Prime Minister has unveiled a multimillion pound package to create jobs, sustainable communities and economic growth in an attempt to reduce the north-south divide. It is planned that the Deputy Prime Minister will work closely with Regional Development Agencies to bring these changes about. A 'northern growth corridor' will also be developed. http://www.odpm.gov.uk/pns/DisplayPN.cgi?pn_id=200 4_0019 | ||
| 590 | _aWB | ||
| 590 | _aWB | ||
| 650 | _aNORTH-SOUTH DIVIDE | ||
| 650 | _aSUSTAINABLE COMMUNITIES | ||
| 650 | _aREGIONAL DEVELOPMENT AGENCIES | ||
| 650 | _aNORTHERN ENGLAND | ||
| 690 | _aREGENERATION | ||
| 942 | _n0 | ||
| 999 |
_c116995 _d116995 |
||